| 000 | 00448 a2200109 4500 | ||
|---|---|---|---|
| 020 | _a9781921551246 | ||
| 082 | _a363.125 LAN | ||
| 100 | _aLangford, J | ||
| 245 |
_aAustroads Research Report: Older Driver Model Assessment Program: Stage 4 -- Validation of Screening Test to Assess At- Risk Older Drivers / _cJ Langford....[et al] |
||
| 260 |
_aSydney : _bAustroads Incorporated Level 9, Robell House, _c2009 |
||
| 300 |
_aiv, 67p. : _bill. ; _c30 cm |
||
| 650 | _aScreening -- Driver | ||
| 999 |
_c2221 _d2221 |
||